Για την πατρίδα
Αποθηκεύτηκε σε:
| Κύριος συγγραφέας: | |
|---|---|
| Μορφή: | Βιβλίο |
| Γλώσσα: | Greek |
| Δημοσίευση: |
Αθήνα :
Εκδόσεις Ολυμπία,
1992.
|
| Θέματα: | |
| Ετικέτες: |
Προσθήκη ετικέτας
Δεν υπάρχουν, Καταχωρήστε ετικέτα πρώτοι!
|
MARC
| LEADER | 00000cam a2200000 i 4500 | ||
|---|---|---|---|
| 001 | 1/2865 | ||
| 008 | 100111s1992 gr | ||| |||| ||gre|| | ||
| 035 | |l 10106174 | ||
| 040 | |a GR-MyUA |b gre |e AACR2 | ||
| 041 | 0 | |a gre | |
| 082 | 0 | |a 889.3 |2 (22) | |
| 100 | 1 | |a Δέλτα, Πηνελόπη Σ., |d 1874-1941. | |
| 245 | 1 | 0 | |a Για την πατρίδα / |c Πηνελόπη Δέλτα. |
| 260 | |a Αθήνα : |b Εκδόσεις Ολυμπία, |c 1992. | ||
| 300 | |a 159 σ. ; |c 21 εκ. | ||
| 650 | 0 | 0 | |a Greek fiction. |
| 650 | 0 | 0 | |a Historical fiction, Greek (Modern) |
| 650 | 0 | 0 | |a Children |x Fiction. |
| 852 | |a INST |b SAMOS |e 20100111 |h 889.3 ΔΕΛ |p 005300031027 |q 005300031027 |t BK |y 0 | ||
| 901 | |a BIBL3-2010-1 | ||
| 909 | |a Σ |b 158378 | ||
| 970 | |a ΣΙΤΖΙΜΗ |b ΓΙΑΣΕΜΗ |z 2010/01/11 | ||